LEADER 00842nmm a22002535u 4500 001 991001286229707536 007 cr nn 008mamaa 008 100301s2009 uk j eng d 020 $a9781848828896 035 $ab13990536-39ule_inst 040 $aDip.to Matematica$beng 100 1 $aRose, H. E.$050242 245 12$aA course on finite groups$h[e-book] /$cby H. E. Rose 260 $aLondon :$bSpringer,$c2009 300 $bv.: digital 440 0$aUniversitext 650 0$aGroup theory 773 0 $aSpringer eBooks 856 40$uhttp://dx.doi.org/10.1007/978-1-84882-889-6$zAn electronic book accessible through the World Wide Web 907 $a.b13990536$b03-03-22$c28-06-11 912 $a991001286229707536 996 $aCourse on finite groups$9247408 997 $aUNISALENTO 998 $ale013$b28-06-11$cm$d@ $e-$feng$guk $h2$i0 LEADER 00946nam--2200361---450- 001 990005808080203316 005 20130214132734.0 010 $a88-317-8695-4 035 $a000580808 035 $aUSA01000580808 035 $a(ALEPH)000580808USA01 035 $a000580808 100 $a20130214d2005----km-y0itay50------ba 101 0 $aita 102 $aIT 105 $a||||||||001yy 200 1 $aCertincantamenti$fAnna Santoro 210 $aVenezia$cMarsilio$d2005 215 $a123 p.$d19 cm 225 2 $aElleffe 410 0$12001$aElleffe 606 0 $2BNCF 676 $a851.914 700 1$aSANTORO,$bAnna$0143080 801 0$aIT$bsalbc$gISBD 912 $a990005808080203316 951 $aVI.3.A. 893$b228156 L.M.$cVI.3.A.$d00313390 959 $aBK 969 $aUMA 979 $aPASSARO$b90$c20130214$lUSA01$h1323 979 $aPASSARO$b90$c20130214$lUSA01$h1327 996 $aCertincantamenti$91089836 997 $aUNISA